[Event "Titled Tuesday intern op 30th Apr Early"]
[Site "Chess.com INT"]
[Date "2024.04.30"]
[Round "9"]
[White "Makhmudov, Shukhrat"]
[Black "Mizzi, Jack"]
[Result "0-1"]
[WhiteElo "2115"]
[BlackElo "2051"]
[PlyCount "128"]
[EventDate "2024.04.30"]
[EventType "swiss (blitz)"]
[EventRounds "11"]
[EventCountry "USA"]
[SourceTitle "CB19_2024"]
[SourceDate "2024.05.08"]
[SourceVersion "1"]
[SourceVersionDate "2024.05.08"]
[SourceQuality "1"]

1. e4 c6 2. Nc3 d5 3. exd5 cxd5 4. d4 Nf6 5. Bf4 a6 6. Nf3 Nc6 7. a3 Bg4 8. Be2 e6 9. Ne5 Bxe2 10. Nxe2 Bd6 11. Nxc6 bxc6 12. Bxd6 Qxd6 13. b4 0-0 14. 0-0 e5 15. dxe5 Qxe5 16. Nd4 Rac8 17. Re1 Qc7 18. Nb3 Rfe8 19. Qd4 Re4 20. Rxe4 dxe4 21. Rd1 Ng4 22. h3 Nf6 23. c4 Re8 24. Qd6 Qc8 25. Na5 h6 26. Nxc6 Qb7 27. Na5 Qc8 28. Qc6 Qf5 29. Rd6 e3 30. fxe3 Rxe3 31. Rd1 Re2 32. Qf3 Qe5 33. Nc6 Qb2 34. Nd4 Rd2 35. Rxd2 Qxd2 36. Ne2 Qd1+ 37. Kf2 Qc2 38. Qf4 Ne4+ 39. Ke3 Nf6 40. Qb8+ Kh7 41. Qf4 Qb3+ 42. Kf2 Qxa3 43. Qf5+ Kh8 44. Qc8+ Kh7 45. Qf5+ Kg8 46. Qc8+ Kh7 47. Qb8 Qb2 48. Qf4 g6 49. c5 Kg7 50. Kf3 Qc2 51. Ng3 h5 52. Ne2 Qd3+ 53. Qe3 Qd5+ 54. Kf2 Ne4+ 55. Kg1 Nf6 56. Kh2 Qc4 57. Qd2 Qe6 58. Ng3 Qe5 59. Qd3 h4 60. Qe3 Qxe3 61. Nf5+ gxf5 62. g3 Qxg3+ 63. Kh1 Ne4 64. c6 Nf2# 0-1

[Event "Titled Tuesday intern op 30th Apr Early"]
[Site "Chess.com INT"]
[Date "2024.04.30"]
[Round "3"]
[White "Makhmudov, Shukhrat"]
[Black "Sadykov, Ramil"]
[Result "0-1"]
[WhiteElo "2115"]
[BlackElo "2313"]
[PlyCount "98"]
[EventDate "2024.04.30"]
[EventType "swiss (blitz)"]
[EventRounds "11"]
[EventCountry "USA"]
[SourceTitle "CB19_2024"]
[SourceDate "2024.05.08"]
[SourceVersion "1"]
[SourceVersionDate "2024.05.08"]
[SourceQuality "1"]

1. e4 c5 2. Nf3 e6 3. d4 cxd4 4. Nxd4 Nf6 5. Nc3 Bb4 6. Bd3 d6 7. 0-0 0-0 8. Nce2 e5 9. c3 Bc5 10. Nb3 Be6 11. Nxc5 dxc5 12. Bg5 Nbd7 13. Bb5 Qb6 14. c4 Nxe4 15. Be7 Rfe8 16. Bxd7 Rxe7 17. Bxe6 Rxe6 18. Qc2 Ng5 19. h4 Rg6 20. hxg5 Rxg5 21. Rad1 Re8 22. Ng3 h5 23. Ne4 Rg6 24. Rd3 f5 25. Nc3 e4 26. Nd5 exd3 27. Qxd3 Qd6 28. Rd1 Qe5 29. Qf3 Rg4 30. Ne3 Rh4 31. g3 Re4 32. Nxf5 Rf8 33. Rd5 Re1+ 34. Kg2 Qe4 35. Qxe4 Rxe4 36. Nd6 Rd4 37. Rxc5 Rxd6 38. Rxh5 Rd2 39. Rb5 Rfxf2+ 40. Kh3 Rxb2 41. Rc5 Rxa2 42. Rc8+ Kh7 43. Rc7 Rf3 44. Kg4 Raa3 45. Rxb7 Rxg3+ 46. Kf4 Rgc3 47. Rc7 Ra4 48. Ke4 Raxc4+ 49. Kd5 Rxc7 0-1

[Event "Titled Tuesday intern op 30th Apr Early"]
[Site "Chess.com INT"]
[Date "2024.04.30"]
[Round "2"]
[White "Weetik, Vjacheslav"]
[Black "Makhmudov, Shukhrat"]
[Result "1-0"]
[WhiteElo "2423"]
[BlackElo "2115"]
[PlyCount "83"]
[EventDate "2024.04.30"]
[EventType "swiss (blitz)"]
[EventRounds "11"]
[EventCountry "USA"]
[SourceTitle "CB19_2024"]
[SourceDate "2024.05.08"]
[SourceVersion "1"]
[SourceVersionDate "2024.05.08"]
[SourceQuality "1"]

1. d4 Nf6 2. Nf3 d5 3. Bf4 c5 4. e3 Nc6 5. Nbd2 cxd4 6. exd4 h6 7. h3 Bf5 8. c3 e6 9. Bb5 a6 10. Bxc6+ bxc6 11. Qa4 Bd3 12. Ne5 Bb5 13. Qd1 Nd7 14. a4 Nxe5 15. Bxe5 Bd3 16. Qf3 Bg6 17. a5 f6 18. Bh2 Bd6 19. Bxd6 Qxd6 20. b4 e5 21. Qg3 Kf7 22. 0-0 Rhd8 23. Nf3 e4 24. Qxd6 Rxd6 25. Nd2 f5 26. f4 Kf6 27. Nb3 Be8 28. Nc5 Bd7 29. Kf2 Bc8 30. Ke3 Ra7 31. h4 g6 32. Rg1 h5 33. g3 Rc7 34. Rgc1 Ra7 35. c4 dxc4 36. Rxc4 Be6 37. Rc3 Bd5 38. Na4 Rb7 39. Nb6 Rd8 40. Rac1 Be6 41. Rxc6 Rdb8 42. d5 1-0

[Event "Titled Tuesday intern op 19th Dec Early"]
[Site "Chess.com INT"]
[Date "2023.12.19"]
[Round "3"]
[White "Jakubowski, Krzysztof"]
[Black "Makhmudov, Shukhrat"]
[Result "1-0"]
[WhiteElo "2471"]
[BlackElo "2115"]
[PlyCount "75"]
[EventDate "2023.12.19"]
[EventType "swiss (blitz)"]
[EventRounds "11"]
[EventCountry "USA"]
[SourceTitle "CB52_2023"]
[SourceDate "2023.12.27"]
[SourceVersion "1"]
[SourceVersionDate "2023.12.27"]
[SourceQuality "1"]

1. e4 e5 2. Nf3 Nc6 3. Bc4 Nf6 4. Ng5 d5 5. exd5 Na5 6. Bb5+ c6 7. dxc6 bxc6 8. Bd3 Ng4 9. Nh3 Bc5 10. Be2 h5 11. c3 Nb7 12. 0-0 Qh4 13. d4 exd4 14. Bg5 Nxf2 15. Rxf2 Qe4 16. Bf3 Qe5 17. Bf4 Qf6 18. Qe2+ Kf8 19. Be5 d3 20. Qe4 Qf5 21. Bd4 Qxe4 22. Bxe4 Bxd4 23. cxd4 Bxh3 24. gxh3 Nd6 25. Bxc6 Rc8 26. d5 Ne4 27. Nd2 Nxf2 28. Kxf2 Ke7 29. Ke3 Kd6 30. Kxd3 f5 31. Nc4+ Kc5 32. Rc1 Kb4 33. a3+ Kb3 34. Rc3+ Ka2 35. b4 Rhd8 36. b5 Rc7 37. Kd4 Re7 38. Kc5 1-0

[Event "Titled Tuesday intern op 05th Sep Early"]
[Site "Chess.com INT"]
[Date "2023.09.05"]
[Round "6"]
[White "Turzo, Attila"]
[Black "Makhmudov, Shukhrat"]
[Result "0-1"]
[WhiteElo "2279"]
[BlackElo "2115"]
[PlyCount "66"]
[EventDate "2023.09.05"]
[EventType "swiss (blitz)"]
[EventRounds "11"]
[EventCountry "USA"]
[SourceTitle "EXT 2024"]
[Source "ChessBase"]
[SourceDate "2023.10.10"]
[SourceVersion "1"]
[SourceVersionDate "2023.10.10"]
[SourceQuality "1"]

1. d4 Nf6 2. Nf3 d5 3. Bf4 c5 4. e3 Nc6 5. Nbd2 Qb6 6. dxc5 Qxc5 7. c4 d4 8. a3 dxe3 9. Bxe3 Qf5 10. h3 h6 11. Be2 e5 12. 0-0 Be7 13. b4 0-0 14. b5 Na5 15. Qa4 b6 16. c5 e4 17. Nd4 Qxc5 18. Ne6 Qe5 19. Nxf8 Bxf8 20. Nc4 Nxc4 21. Bxc4 Bd6 22. g3 Qh5 23. Rfe1 Bxh3 24. Bd4 Bg4 25. Bxf6 gxf6 26. Bf1 Bf3 27. Bg2 Be5 28. Rac1 Rd8 29. Bxf3 exf3 30. Qe4 Rd4 31. Qe3 Rh4 32. Qxf3 Qxf3 33. g4 Rh1# 0-1

[Event "Titled Tuesday intern op 08th Aug Early"]
[Site "Chess.com INT"]
[Date "2023.08.08"]
[Round "1"]
[White "Bilan, Danila"]
[Black "Makhmudov, Shukhrat"]
[Result "1-0"]
[WhiteElo "2303"]
[BlackElo "2115"]
[PlyCount "87"]
[EventDate "2023.08.08"]
[EventType "swiss (blitz)"]
[EventRounds "11"]
[EventCountry "USA"]
[SourceTitle "EXT 2024"]
[Source "ChessBase"]
[SourceDate "2023.10.10"]
[SourceVersion "1"]
[SourceVersionDate "2023.10.10"]
[SourceQuality "1"]

1. d4 Nf6 2. Nf3 d5 3. c4 e6 4. Nc3 Bb4 5. Qb3 Nc6 6. a3 dxc4 7. Qxc4 Bd6 8. Bg5 h6 9. Bh4 Be7 10. e3 Nd5 11. Bg3 Nxc3 12. Qxc3 Bd6 13. Bb5 Bd7 14. Rc1 0-0 15. 0-0 Ne7 16. Bd3 Nd5 17. Qb3 Nb6 18. Ne5 Ba4 19. Qc3 Rc8 20. Qa5 a6 21. Qd2 Bb3 22. Qc3 Ba4 23. b3 Be8 24. b4 Nd5 25. Qb2 Ba4 26. Bc2 Nb6 27. Bxa4 Nxa4 28. Qb3 Qe8 29. Rc2 Nb6 30. Rfc1 c6 31. a4 Nd5 32. b5 axb5 33. axb5 Bxe5 34. Bxe5 Qd7 35. bxc6 bxc6 36. h3 f6 37. Bg3 Kh8 38. Qa4 Rc7 39. Bxc7 Qxc7 40. Qxc6 Qe7 41. Qa6 f5 42. Rc8 f4 43. Rxf8+ Qxf8 44. Rc8 1-0

[Event "Titled Tuesday intern op 25th Jul Early"]
[Site "Chess.com INT"]
[Date "2023.07.25"]
[Round "2"]
[White "Makhmudov, Shukhrat"]
[Black "Morris Suzuki, Alan H"]
[Result "0-1"]
[WhiteElo "2115"]
[BlackElo "1652"]
[PlyCount "58"]
[EventDate "2023.07.25"]
[EventType "swiss (blitz)"]
[EventRounds "11"]
[EventCountry "USA"]
[SourceTitle "EXT 2024"]
[Source "ChessBase"]
[SourceDate "2023.10.10"]
[SourceVersion "1"]
[SourceVersionDate "2023.10.10"]
[SourceQuality "1"]

1. e4 c5 2. Nf3 d6 3. d4 Nf6 4. Nc3 cxd4 5. Nxd4 a6 6. h3 e6 7. g4 Be7 8. g5 Nfd7 9. h4 b5 10. a3 Bb7 11. Bg2 Nc6 12. Be3 Nc5 13. Qe2 0-0 14. 0-0-0 b4 15. Nxc6 Bxc6 16. axb4 Na4 17. Nxa4 Bxa4 18. b3 Bb5 19. c4 Bc6 20. Bd4 Qb8 21. Bc3 Rc8 22. Kb2 Ra7 23. f4 a5 24. b5 a4 25. Ra1 a3+ 26. Ka2 Bxb5 27. Bd4 Rac7 28. f5 e5 29. f6 Rxc4 0-1

[Event "Titled Tuesday intern op 25th Jul Early"]
[Site "Chess.com INT"]
[Date "2023.07.25"]
[Round "11"]
[White "Makhmudov, Shukhrat"]
[Black "Papayan, Oleg"]
[Result "1/2-1/2"]
[WhiteElo "2115"]
[BlackElo "2253"]
[PlyCount "78"]
[EventDate "2023.07.25"]
[EventType "swiss (blitz)"]
[EventRounds "11"]
[EventCountry "USA"]
[SourceTitle "EXT 2024"]
[Source "ChessBase"]
[SourceDate "2023.10.10"]
[SourceVersion "1"]
[SourceVersionDate "2023.10.10"]
[SourceQuality "1"]

1. e4 d5 2. exd5 Qxd5 3. Nc3 Qd8 4. d4 Bf5 5. Bd3 Bxd3 6. Qxd3 c6 7. Nf3 Nf6 8. 0-0 e6 9. Re1 Be7 10. Ne2 0-0 11. Ng3 Nbd7 12. c3 Re8 13. Bf4 Nf8 14. Ne5 Ng6 15. Nxg6 hxg6 16. Rad1 Qa5 17. a3 Rad8 18. Qf3 Qd5 19. Qxd5 cxd5 20. f3 b5 21. Nf1 Nd7 22. Nd2 Nb6 23. Bc7 Rc8 24. Bxb6 axb6 25. Nb3 Bd6 26. Re2 f6 27. Rde1 Kf7 28. g3 Rc4 29. f4 Re7 30. Nc1 Rc8 31. Nd3 Rh8 32. Kg2 Rh5 33. h3 Rh8 34. g4 Rh4 35. Kg3 g5 36. Rf1 Re8 37. Kg2 gxf4 38. Nxf4 Reh8 39. Nxe6 Rxh3 1/2-1/2

[Event "Titled Tuesday intern op 25th Jul Early"]
[Site "Chess.com INT"]
[Date "2023.07.25"]
[Round "9"]
[White "Makhmudov, Shukhrat"]
[Black "Rodriguez Fontecha, Marcos"]
[Result "1-0"]
[WhiteElo "2115"]
[BlackElo "2309"]
[PlyCount "41"]
[EventDate "2023.07.25"]
[EventType "swiss (blitz)"]
[EventRounds "11"]
[EventCountry "USA"]
[SourceTitle "EXT 2024"]
[Source "ChessBase"]
[SourceDate "2023.10.10"]
[SourceVersion "1"]
[SourceVersionDate "2023.10.10"]
[SourceQuality "1"]

1. e4 e6 2. Nf3 d5 3. e5 c5 4. b4 b6 5. bxc5 bxc5 6. c3 Nc6 7. d4 f6 8. exf6 Nxf6 9. Bb5 Bd7 10. 0-0 Bd6 11. Re1 Rc8 12. Ba3 0-0 13. Bxc5 Bxc5 14. dxc5 Ne4 15. c4 Ng5 16. Nbd2 Qf6 17. Nxg5 Qxg5 18. Nf3 Qh5 19. Bxc6 Bxc6 20. Nd4 dxc4 21. Qxh5 1-0

[Event "Titled Tuesday intern op 04th Jul Early"]
[Site "Chess.com INT"]
[Date "2023.07.04"]
[Round "3"]
[White "Matamoros Franco, Carlos S"]
[Black "Makhmudov, Shukhrat"]
[Result "1-0"]
[WhiteElo "2441"]
[BlackElo "2115"]
[PlyCount "79"]
[EventDate "2023.07.04"]
[EventType "swiss (blitz)"]
[EventRounds "11"]
[EventCountry "USA"]
[SourceTitle "EXT 2024"]
[Source "ChessBase"]
[SourceDate "2023.10.10"]
[SourceVersion "1"]
[SourceVersionDate "2023.10.10"]
[SourceQuality "1"]

1. c4 Nf6 2. g3 g6 3. Bg2 Bg7 4. Nc3 0-0 5. d4 c5 6. dxc5 Na6 7. Nf3 Nxc5 8. 0-0 d6 9. Be3 Be6 10. b3 Ng4 11. Bd4 Nf6 12. Qd2 Nce4 13. Nxe4 Nxe4 14. Qb2 Bxd4 15. Nxd4 Nc5 16. Nxe6 fxe6 17. b4 Na4 18. Qb3 Qd7 19. Bxb7 Qxb7 20. Qxa4 Qe4 21. Qb3 Qxe2 22. Rae1 Qg4 23. c5 d5 24. Re5 Rab8 25. b5 Qd4 26. Rxe6 Qxc5 27. a4 Rb6 28. Qe3 Qxe3 29. Rxe3 Kf7 30. Rc1 Rd8 31. Rc7 Re6 32. Rxe6 Kxe6 33. Rxa7 d4 34. Kf1 d3 35. Ke1 d2+ 36. Kd1 Kd5 37. Rc7 Kd4 38. b6 Kd3 39. b7 Rb8 40. a5 1-0

[Event "Titled Tuesday intern op 06th Jun Early"]
[Site "Chess.com INT"]
[Date "2023.06.06"]
[Round "1"]
[White "Dimitrov, Atanas Valtchev"]
[Black "Makhmudov, Shukhrat"]
[Result "0-1"]
[WhiteElo "2269"]
[BlackElo "2115"]
[PlyCount "156"]
[EventDate "2023.06.06"]
[EventType "swiss (blitz)"]
[EventRounds "11"]
[EventCountry "USA"]
[SourceTitle "EXT 2024"]
[Source "ChessBase"]
[SourceDate "2023.10.10"]
[SourceVersion "1"]
[SourceVersionDate "2023.10.10"]
[SourceQuality "1"]

1. e4 e5 2. Nc3 Nc6 3. Bc4 Nf6 4. d3 Bc5 5. Nf3 a6 6. 0-0 d6 7. h3 Ne7 8. a3 Ba7 9. Nh2 c6 10. Kh1 Ng6 11. f4 exf4 12. Bxf4 Nxf4 13. Rxf4 0-0 14. Qf3 Be6 15. Bxe6 fxe6 16. Rf1 e5 17. Rf5 Nd7 18. Ng4 Qe7 19. Qg3 Kh8 20. Ne2 g6 21. R5f3 Rxf3 22. Rxf3 Rf8 23. Nh6 Rxf3 24. Qxf3 Kg7 25. Ng4 Qf7 26. Nc3 Qxf3 27. gxf3 Bd4 28. Nd1 h5 29. Nge3 Nb6 30. c3 Bxe3 31. Nxe3 Kf6 32. Kg2 Kg5 33. b3 Nd7 34. Kg3 b5 35. d4 h4+ 36. Kf2 exd4 37. cxd4 c5 38. dxc5 Nxc5 39. Nd5 Nxb3 40. Nc7 Nc5 41. Ke3 Kf6 42. f4 g5 43. Nd5+ Kg6 44. f5+ Kf7 45. Kd4 Nd7 46. Nc7 Nf6 47. Nxa6 g4 48. Ke3 gxh3 49. Kf3 Nxe4 50. Nc7 Nc3 51. Ne6 Kf6 52. Nd4 Ke5 53. Kf2 Ne4+ 54. Ke3 Ng3 55. Nf3+ Kxf5 56. Nxh4+ Ke5 57. Nf3+ Kd5 58. Kd3 Nf5 59. Nh2 Kc5 60. Kc3 d5 61. Kd3 Nd6 62. Ng4 Nc4 63. Nf2 h2 64. Kc3 Nxa3 65. Nd3+ Kd6 66. Nf2 Nc4 67. Kb4 Kc6 68. Nh1 Nd6 69. Ng3 Nf5 70. Nh1 Nd6 71. Ng3 Ne4 72. Nh1 Kb6 73. Kb3 Kc5 74. Kc2 Kc4 75. Kb2 b4 76. Kc2 b3+ 77. Kb2 Kb4 78. Kb1 Kc3 0-1

[Event "Titled Tuesday intern op 06th Jun Early"]
[Site "Chess.com INT"]
[Date "2023.06.06"]
[Round "5"]
[White "Makhmudov, Shukhrat"]
[Black "Khumalo, Keith"]
[Result "0-1"]
[WhiteElo "2115"]
[BlackElo "2099"]
[PlyCount "62"]
[EventDate "2023.06.06"]
[EventType "swiss (blitz)"]
[EventRounds "11"]
[EventCountry "USA"]
[SourceTitle "EXT 2024"]
[Source "ChessBase"]
[SourceDate "2023.10.10"]
[SourceVersion "1"]
[SourceVersionDate "2023.10.10"]
[SourceQuality "1"]

1. e4 c5 2. Nf3 e6 3. d4 cxd4 4. Nxd4 a6 5. c4 Nf6 6. Nc3 Qc7 7. Bd3 Bb4 8. 0-0 Bxc3 9. bxc3 d6 10. Bg5 Nbd7 11. Bh4 b6 12. Re1 Bb7 13. Bg3 Rc8 14. Rb1 Ne5 15. Bxe5 dxe5 16. Nf3 0-0 17. Qb3 Nd7 18. Qa3 Nc5 19. Bc2 Rfd8 20. Qb4 Rd6 21. h3 f6 22. Rb2 Rcd8 23. a4 a5 24. Qa3 Ba6 25. Qa2 Nd3 26. Bxd3 Rxd3 27. Qb1 R8d6 28. Rc1 Bxc4 29. Rbc2 Qc6 30. Qa1 Qxe4 31. Qa3 Rd1+ 0-1

[Event "Titled Tuesday intern op 06th Jun Early"]
[Site "Chess.com INT"]
[Date "2023.06.06"]
[Round "3"]
[White "Makhmudov, Shukhrat"]
[Black "Kochiev, Ivan"]
[Result "1-0"]
[WhiteElo "2115"]
[BlackElo "2053"]
[PlyCount "93"]
[EventDate "2023.06.06"]
[EventType "swiss (blitz)"]
[EventRounds "11"]
[EventCountry "USA"]
[SourceTitle "EXT 2024"]
[Source "ChessBase"]
[SourceDate "2023.10.10"]
[SourceVersion "1"]
[SourceVersionDate "2023.10.10"]
[SourceQuality "1"]

1. e4 c5 2. Nf3 d6 3. d4 cxd4 4. Nxd4 Nf6 5. Nc3 Nc6 6. Bg5 e6 7. Nxc6 bxc6 8. e5 dxe5 9. Qxd8+ Kxd8 10. Ne4 Be7 11. 0-0-0+ Kc7 12. Nxf6 gxf6 13. Bh6 Bb7 14. Be2 c5 15. Rhg1 Rhg8 16. g3 f5 17. Bh5 Rg6 18. Bxg6 fxg6 19. h4 Bf6 20. Bg5 Bg7 21. Be7 Kc6 22. Rd8 e4 23. Rgd1 Bd4 24. Rxa8 Bxa8 25. Rf1 Bb7 26. c3 Be5 27. Rd1 Bc7 28. b3 Ba6 29. Bf6 Bd3 30. Kd2 e5 31. Bg5 Kd5 32. c4+ Ke6 33. Ke3 Kf7 34. Bh6 Ba5 35. f3 Bc3 36. fxe4 fxe4 37. Kf2 Bd4+ 38. Be3 Ke6 39. g4 h5 40. gxh5 gxh5 41. Rg1 Bxe3+ 42. Kxe3 Kf5 43. Rg5+ Kf6 44. Rxh5 Bb1 45. Rh6+ Kf5 46. Ra6 Bxa2 47. Rxa2 1-0

[Event "Titled Tuesday intern op 30th May Early"]
[Site "Chess.com INT"]
[Date "2023.05.30"]
[Round "10"]
[White "Makhmudov, Shukhrat"]
[Black "Brown, Raehanna"]
[Result "1-0"]
[WhiteElo "2115"]
[BlackElo "1710"]
[PlyCount "149"]
[EventDate "2023.05.30"]
[EventType "swiss (blitz)"]
[EventRounds "11"]
[EventCountry "USA"]
[SourceTitle "CBM 214 Extra"]
[Source "ChessBase"]
[SourceDate "2023.07.31"]
[SourceVersion "1"]
[SourceVersionDate "2023.07.31"]
[SourceQuality "1"]

1. e4 c5 2. Nf3 Nc6 3. d4 cxd4 4. Nxd4 Nf6 5. Nc3 g6 6. Nxc6 dxc6 7. Qxd8+ Kxd8 8. f3 e5 9. Bg5 Be7 10. Bc4 Be6 11. Bxe6 fxe6 12. Bh4 Kc7 13. 0-0-0 Rad8 14. a3 Rhf8 15. Nb1 Bc5 16. Rde1 h6 17. Nd2 g5 18. Bg3 Nd7 19. Nc4 Rf4 20. Bxf4 exf4 21. Rd1 b5 22. Na5 Bb6 23. Nb3 e5 24. h4 a5 25. hxg5 hxg5 26. Rh6 a4 27. Na1 Bd4 28. c3 Be3+ 29. Kb1 Nf8 30. Rxd8 Kxd8 31. Rxc6 Kd7 32. Rh6 Ne6 33. Nc2 Bf2 34. Nb4 Nc5 35. Rg6 Bh4 36. Rb6 g4 37. Rxb5 Kd6 38. Rb6+ Kd7 39. Rh6 gxf3 40. gxf3 Bg3 41. Nd5 Nd3 42. Nb6+ Kc7 43. Nc4 Kd7 44. Kc2 Ne1+ 45. Kd2 Nxf3+ 46. Ke2 Ng5 47. Nxe5+ Ke7 48. Nf3 Nxe4 49. Ra6 Nc5 50. Rc6 Nb3 51. Nd4 Nc1+ 52. Kd2 Nb3+ 53. Nxb3 axb3 54. Ke2 Kd7 55. Rb6 Kc7 56. Rxb3 Kc6 57. Rb4 Kc5 58. Kf3 Kc6 59. Rxf4 Bxf4 60. Kxf4 Kb6 61. b3 Ka7 62. Ke5 Kb7 63. Kd6 Kc8 64. Kc6 Kb8 65. c4 Kc8 66. c5 Kb8 67. Kd7 Ka7 68. c6 Kb6 69. c7 Ka7 70. c8Q Kb6 71. Qc6+ Ka5 72. Qc4 Kb6 73. Qb4+ Ka7 74. Kc7 Ka6 75. Qb6# 1-0

[Event "Titled Tuesday intern op 30th May Early"]
[Site "Chess.com INT"]
[Date "2023.05.30"]
[Round "4"]
[White "Makhmudov, Shukhrat"]
[Black "Schnaider, Ilan"]
[Result "0-1"]
[WhiteElo "2115"]
[BlackElo "2218"]
[PlyCount "102"]
[EventDate "2023.05.30"]
[EventType "swiss (blitz)"]
[EventRounds "11"]
[EventCountry "USA"]
[SourceTitle "CBM 214 Extra"]
[Source "ChessBase"]
[SourceDate "2023.07.31"]
[SourceVersion "1"]
[SourceVersionDate "2023.07.31"]
[SourceQuality "1"]

1. e4 c5 2. Nf3 d6 3. d4 cxd4 4. Nxd4 Nf6 5. Nc3 a6 6. h3 e5 7. Nf3 h5 8. Bg5 Be6 9. Nd5 Bxd5 10. exd5 Nbd7 11. c3 Be7 12. Bd3 Nxd5 13. Bxe7 Nxe7 14. 0-0 Qc7 15. Ng5 d5 16. Be2 Nf6 17. Qc2 g6 18. Rfe1 0-0 19. Rad1 Rad8 20. Bd3 e4 21. Bf1 Kg7 22. g3 Nf5 23. Bg2 e3 24. f4 Nxg3 25. f5 Nxf5 26. Nf3 Rfe8 27. Re2 Ng3 28. Ree1 Qf4 29. Rd4 Nfe4 30. c4 dxc4 31. Qxc4 Rxd4 32. Qxd4+ Qf6 33. Qxe3 Qxb2 34. Nd4 h4 35. Bxe4 Rxe4 36. Qf2 Rxe1+ 37. Qxe1 Qxd4+ 38. Kh2 Qb2+ 39. Kg1 Qb6+ 40. Kg2 Qc6+ 41. Kh2 Qh1+ 42. Qxh1 Nxh1 43. Kxh1 f5 44. Kg2 Kf6 45. Kf3 g5 46. Ke3 Ke5 47. a3 a5 48. a4 g4 49. Kf2 gxh3 50. Kg1 f4 51. Kh2 Kd5 0-1

[Event "Titled Tuesday intern op 30th May Early"]
[Site "Chess.com INT"]
[Date "2023.05.30"]
[Round "7"]
[White "Makhmudov, Shukhrat"]
[Black "Shturman, Arseniy"]
[Result "0-1"]
[WhiteElo "2115"]
[BlackElo "2076"]
[PlyCount "48"]
[EventDate "2023.05.30"]
[EventType "swiss (blitz)"]
[EventRounds "11"]
[EventCountry "USA"]
[SourceTitle "CBM 214 Extra"]
[Source "ChessBase"]
[SourceDate "2023.07.31"]
[SourceVersion "1"]
[SourceVersionDate "2023.07.31"]
[SourceQuality "1"]

1. e4 c5 2. Nf3 Nc6 3. d4 cxd4 4. Nxd4 Nf6 5. Nc3 e5 6. Ndb5 d6 7. Bg5 a6 8. Na3 b5 9. Bxf6 gxf6 10. Nd5 f5 11. Bxb5 axb5 12. Nxb5 Bb7 13. Nbc7+ Kd7 14. Qh5 Ne7 15. Qxf7 Rc8 16. Qe6+ Kc6 17. Nxe7+ Qxe7 18. Qc4+ Kd7 19. 0-0-0 Rxc7 20. Qb5+ Bc6 21. Qa5 Bxe4 22. c3 Bh6+ 23. Rd2 Bxd2+ 24. Kxd2 Qg5+ 0-1

[Event "Titled Tuesday intern op 23rd May Early"]
[Site "Chess.com INT"]
[Date "2023.05.23"]
[Round "2"]
[White "Harsh, Suresh"]
[Black "Makhmudov, Shukhrat"]
[Result "1-0"]
[WhiteElo "2298"]
[BlackElo "2115"]
[PlyCount "59"]
[EventDate "2023.05.23"]
[EventType "swiss (blitz)"]
[EventRounds "11"]
[EventCountry "USA"]
[SourceTitle "CBM 214 Extra"]
[Source "ChessBase"]
[SourceDate "2023.07.31"]
[SourceVersion "1"]
[SourceVersionDate "2023.07.31"]
[SourceQuality "1"]

1. e4 e5 2. Nf3 Nc6 3. Bb5 a6 4. Ba4 Nf6 5. 0-0 Be7 6. Bxc6 dxc6 7. Re1 Nd7 8. c3 c5 9. d3 0-0 10. Be3 b6 11. a4 a5 12. Nbd2 Ba6 13. Qc2 f6 14. h4 Re8 15. h5 Nf8 16. Nc4 Ne6 17. Nh4 Bf8 18. Rad1 Qd7 19. Qe2 Qxa4 20. Nf5 Qc6 21. Qg4 Kh8 22. Qh4 Nd8 23. f4 Bxc4 24. dxc4 Qxe4 25. Ng3 Qxc4 26. h6 g6 27. Qxf6+ Kg8 28. Rd7 Nf7 29. f5 Qg4 30. Qxf7+ 1-0

[Event "Titled Tuesday intern op 23rd May Early"]
[Site "Chess.com INT"]
[Date "2023.05.23"]
[Round "3"]
[White "Makhmudov, Shukhrat"]
[Black "Nugumanov, Bakhtiyar"]
[Result "1-0"]
[WhiteElo "2115"]
[BlackElo "2316"]
[PlyCount "21"]
[EventDate "2023.05.23"]
[EventType "swiss (blitz)"]
[EventRounds "11"]
[EventCountry "USA"]
[SourceTitle "CBM 214 Extra"]
[Source "ChessBase"]
[SourceDate "2023.07.31"]
[SourceVersion "1"]
[SourceVersionDate "2023.07.31"]
[SourceQuality "1"]

1. e4 e6 2. Nf3 d5 3. e5 c5 4. b4 Bd7 5. bxc5 Bxc5 6. d4 Bb6 7. c3 Ne7 8. Bd3 0-0 9. Bxh7+ Kxh7 10. Ng5+ Kg6 11. h4 1-0

[Event "Titled Tuesday intern op 23rd May Early"]
[Site "Chess.com INT"]
[Date "2023.05.23"]
[Round "6"]
[White "Makhmudov, Shukhrat"]
[Black "Saya, Ethan"]
[Result "1/2-1/2"]
[WhiteElo "2115"]
[BlackElo "2181"]
[PlyCount "195"]
[EventDate "2023.05.23"]
[EventType "swiss (blitz)"]
[EventRounds "11"]
[EventCountry "USA"]
[SourceTitle "CBM 214 Extra"]
[Source "ChessBase"]
[SourceDate "2023.07.31"]
[SourceVersion "1"]
[SourceVersionDate "2023.07.31"]
[SourceQuality "1"]

1. e4 c5 2. Nf3 d6 3. d4 cxd4 4. Nxd4 Nf6 5. Nc3 g6 6. Bg5 Bg7 7. Bxf6 Bxf6 8. Nd5 Bg7 9. Bb5+ Bd7 10. Bxd7+ Nxd7 11. c3 0-0 12. 0-0 Nc5 13. Re1 Re8 14. Nb3 Na4 15. Qe2 Nb6 16. Rad1 Rc8 17. Qe3 Nc4 18. Qe2 a6 19. h3 b5 20. Nb4 Qb6 21. Nd5 Qb7 22. Rd3 a5 23. a3 e6 24. Nf4 b4 25. cxb4 axb4 26. a4 Nxb2 27. Rxd6 Nxa4 28. e5 Nc3 29. Qa6 Qxa6 30. Rxa6 Nd5 31. Nxd5 exd5 32. Rb6 Rxe5 33. Rxe5 Bxe5 34. Rxb4 d4 35. g3 d3 36. Rb5 Bc3 37. Rd5 Rb8 38. Nc5 d2 39. Kg2 Rb1 40. Ne4 d1Q 41. Rxd1 Rxd1 42. Nxc3 Rd8 43. Ne4 Kg7 44. h4 f5 45. Ng5 Re8 46. Kf3 h6 47. Nh3 Kf6 48. Nf4 Rd8 49. Ng2 Ke5 50. Nf4 Rd6 51. Ne2 Rd3+ 52. Kg2 Ra3 53. Nf4 g5 54. hxg5 hxg5 55. Nh3 Kf6 56. Ng1 Ra2 57. Nf3 g4 58. Nd4 Ke5 59. Nc6+ Ke4 60. Ne7 Ra7 61. Ng6 Ra3 62. Nf4 Rf3 63. Ne6 Rc3 64. Nf4 Rc2 65. Ne6 Ra2 66. Nf4 Ra6 67. Nh5 Ke5 68. Nf4 Ra4 69. Nd3+ Kd6 70. Nf4 Re4 71. Ng6 Kd5 72. Nf4+ Kd4 73. Ng6 Re8 74. Nf4 Ke4 75. Nh5 Rh8 76. Nf4 Rh6 77. Ne2 Ra6 78. Nf4 Ke5 79. Ne2 Ra4 80. Nf4 Rxf4 81. gxf4+ Kxf4 82. Kg1 Kf3 83. Kf1 f4 84. Kg1 g3 85. fxg3 Kxg3 86. Kh1 f3 87. Kg1 Kg4 88. Kf2 Kf4 89. Kf1 Ke5 90. Kf2 Ke4 91. Kf1 Ke3 92. Ke1 Ke4 93. Kf2 Kf4 94. Kf1 Kg3 95. Kg1 Kh3 96. Kf2 Kg4 97. Kf1 Kg3 98. Kg1 1/2-1/2